The great game : (Record no. 931)

000 -LEADER
fixed length control field 03296nam a22007337a 4500
001 - CONTROL NUMBER
control field 11727069
003 - CONTROL NUMBER IDENTIFIER
control field LIBRIS
005 - DATE AND TIME OF LATEST TRANSACTION
control field 20210426104729.0
008 - FIXED-LENGTH DATA ELEMENTS--GENERAL INFORMATION
fixed length control field 100113r19941990nyuabcf||b||||001 0|eng|c
020 ## - INTERNATIONAL STANDARD BOOK NUMBER
International Standard Book Number 1568360223
Qualifying information pbk.
020 ## - INTERNATIONAL STANDARD BOOK NUMBER
International Standard Book Number 9781568360225
Qualifying information pbk.
035 ## - SYSTEM CONTROL NUMBER
System control number (OCoLC)ocm30999160
040 ## - CATALOGING SOURCE
Original cataloging agency EXW
Transcribing agency EXW
Modifying agency AFQ
-- OCLCQ
-- BAKER
-- YDXCP
-- IBV
-- SINLB
-- Mah
Description conventions a
Language of cataloging eng
041 ## - LANGUAGE CODE
Language code of text/sound track or separate title eng
042 ## - AUTHENTICATION CODE
Authentication code pcc
043 ## - GEOGRAPHIC AREA CODE
Geographic area code ac-----
-- e-ur---
-- e-uk---
050 #4 - LIBRARY OF CONGRESS CALL NUMBER
Classification number DS329.4
Item number .H67 1994
080 ## - UNIVERSAL DECIMAL CLASSIFICATION NUMBER
Universal Decimal Classification number 94
Item number H-79
082 04 - DEWEY DECIMAL CLASSIFICATION NUMBER
Classification number 320.958
Edition number 21
084 ## - OTHER CLASSIFICATION NUMBER
Classification number Kof
Number source kssb/8
084 ## - OTHER CLASSIFICATION NUMBER
Classification number Ke.46
Number source kssb/8
100 1# - MAIN ENTRY--PERSONAL NAME
Personal name Hopkirk, Peter
Relationship aut
245 14 - TITLE STATEMENT
Title The great game :
Remainder of title the struggle for empire in central Asia /
Statement of responsibility, etc. / by: Kodansha International
264 #1 - PRODUCTION, PUBLICATION, DISTRIBUTION, MANUFACTURE, AND COPYRIGHT NOTICE
Place of production, publication, distribution, manufacture New York
Name of producer, publisher, distributor, manufacturer Kodansha International
Date of production, publication, distribution, manufacture, or copyright notice 1994.
300 ## - PHYSICAL DESCRIPTION
Extent xxiv, 565 p., [16] p. of plates of
Other physical details ill., maps, ports.
Dimensions 22 cm.
490 1# - SERIES STATEMENT
Series statement Kodansha globe
500 ## - GENERAL NOTE
General note "First published in Great Britain in 1990 as The great game : on secret service in high Asia by John Murray (Publishers) Ltd."--T.p. verso.
504 ## - BIBLIOGRAPHY, ETC. NOTE
Bibliography, etc. note Includes bibliographical references (p. 527-542).
650 #7 - SUBJECT ADDED ENTRY--TOPICAL TERM
Topical term or geographic name entry element Internationella relationer
Authority record control number or standard number https://id.kb.se/term/sao/Internationella%20relationer
Source of heading or term sao
650 #0 - SUBJECT ADDED ENTRY--TOPICAL TERM
Topical term or geographic name entry element History
9 (RLIN) 252
650 #7 - SUBJECT ADDED ENTRY--TOPICAL TERM
Topical term or geographic name entry element Politiska f�rh�llanden
Authority record control number or standard number https://id.kb.se/term/sao/Politiska%20f%C3%B6rh%C3%A5llanden
Source of heading or term sao
650 #0 - SUBJECT ADDED ENTRY--TOPICAL TERM
Topical term or geographic name entry element International relations
651 #7 - SUBJECT ADDED ENTRY--GEOGRAPHIC NAME
Geographic name Centralasien
Authority record control number or standard number https://id.kb.se/term/sao/Centralasien
Source of heading or term sao
651 #7 - SUBJECT ADDED ENTRY--GEOGRAPHIC NAME
Geographic name Centralasien
Geographic subdivision Sovjetunionen
Source of heading or term sao
651 #7 - SUBJECT ADDED ENTRY--GEOGRAPHIC NAME
Geographic name Centralasien
Geographic subdivision Storbritannien
Source of heading or term sao
651 #0 - SUBJECT ADDED ENTRY--GEOGRAPHIC NAME
Geographic name Asia, Central
General subdivision Politics and government.
651 #0 - SUBJECT ADDED ENTRY--GEOGRAPHIC NAME
Geographic name Asia, Central
General subdivision Relations
Geographic subdivision Soviet Union.
651 #0 - SUBJECT ADDED ENTRY--GEOGRAPHIC NAME
Geographic name Soviet Union
General subdivision Relations
Geographic subdivision Asia, Central.
651 #0 - SUBJECT ADDED ENTRY--GEOGRAPHIC NAME
Geographic name Asia, Central
General subdivision Relations
Geographic subdivision Great Britain.
651 #0 - SUBJECT ADDED ENTRY--GEOGRAPHIC NAME
Geographic name Great Britain
General subdivision Relations
Geographic subdivision Asia, Central.
653 ## - INDEX TERM--UNCONTROLLED
Uncontrolled term ისტორია
653 ## - INDEX TERM--UNCONTROLLED
Uncontrolled term საერთაშორისო ურთიერთობები
653 ## - INDEX TERM--UNCONTROLLED
Uncontrolled term საბჭოთა კავშირი
653 ## - INDEX TERM--UNCONTROLLED
Uncontrolled term ცენტრალური აზია
653 ## - INDEX TERM--UNCONTROLLED
Uncontrolled term დიდი ბრიტანეთი
951 #s - EQUIVALENCE OR CROSS-REFERENCE--GEOGRAPHIC NAME/AREA NAME [OBSOLETE] [CAN/MARC only]
Linkage 651,651,651
Geographic name Ryska centralasien
951 #s - EQUIVALENCE OR CROSS-REFERENCE--GEOGRAPHIC NAME/AREA NAME [OBSOLETE] [CAN/MARC only]
Linkage 651,651,651
Geographic name Sovjetiska centralasien
951 #s - EQUIVALENCE OR CROSS-REFERENCE--GEOGRAPHIC NAME/AREA NAME [OBSOLETE] [CAN/MARC only]
Linkage 651,651,651
Geographic name Sovjetiska centralasien (f.d.)
830 #0 - SERIES ADDED ENTRY--UNIFORM TITLE
Uniform title Kodansha globe
887 ## - NON-MARC INFORMATION FIELD
Content of non-MARC field {"@id":"zh9bfmc9598cjx4","modified":"2018-10-30T23:00:00+01:00","checksum":"199664775758"}
Source of data librisxl
887 ## - NON-MARC INFORMATION FIELD
Content of non-MARC field {"@id":"6bjs595c1b6k8rl","modified":"2011-07-04T18:01:13+02:00","checksum":"174745723621"}
Source of data librisxl
887 ## - NON-MARC INFORMATION FIELD
Content of non-MARC field {"@id":"glsfzsnm5sd98vr","modified":"2014-04-02T16:42:42+02:00","checksum":"144723216894"}
Source of data librisxl
887 ## - NON-MARC INFORMATION FIELD
Content of non-MARC field {"@id":"7cknpm3d2st8g68","modified":"2018-01-08T10:23:02+01:00","checksum":"153811784254"}
Source of data librisxl
942 ## - ADDED ENTRY ELEMENTS (KOHA)
Source of classification or shelving scheme
Koha item type Books
Holdings
Withdrawn status Lost status Source of classification or shelving scheme Damaged status Not for loan Permanent location Current location Date acquired Inventory number Total Checkouts Full call number Barcode Date last seen Price effective from Koha item type
          Ken Walker International University Ken Walker International University 01/21/2021 2401   94 H-79 2401 01/21/2021 01/21/2021 Books

Powered by Koha